000 01200nas a2200313 4500
001 BR2015004297
003 BR-BrBNA
005 20231205125559.0
007 ta
008 230509b bl.|||p| |||| 00| 00por d
040 _aBR-BrBNA
_bpor
_cBiblioteca Nacional de Agricultura
041 _a(Pt)
072 _aP40
100 1 _aVirgens Filho, J.S. das
100 1 _aOliveira, R.B. de
100 1 _aLeite, M. de L.
100 1 _aTsukahara, R.Y.
245 1 _aDesempenho dos modelos CLIGEN, LARS-WG e PGECLIMA_R na simulação de séries diárias de temperatura máxima do ar para localidades do estado do Paraná
246 1 _aPerformance of the models CLIGEN, LARS-WG and PGECLIMA_R in simulation of daily series of maximum air temperature for localities in the state of Parana, Brazil
650 _aCLIMATOLOGIA
650 _aMODELO MATEMATICO
650 _aMODELO DE SIMULACAO
650 _aANALISE ESTATISTICA
650 _aTEMPERATURA
773 0 _tEngenharia Agrícola (Brazil)
_xISSN 1809-4430
_g(May-Jun 2013), v. 33(3) p. 538-547
_wBR2015004297
856 4 0 _uhttp://www.scielo.br/pdf/eagri/v33n3/10.pdf
909 _a202311
_bLúcia
_c55
_dLúcia Elande
942 _2AGRIS
_n0
_cANA
999 _c245024
_d245024